[Event "Karadjordje Serbia"]
[Site "Topola"]
[Date "2004.05.06"]
[Round "3"]
[White "Damljanovic, Branko"]
[Black "Georgiev, Kiril"]
[Result "0-1"]
[WhiteElo "2583"]
[BlackElo "2637"]
[Annotator "Ftacnik,L"]
[PlyCount "98"]
[EventDate "2004.05.04"]
[EventType "tourn"]
[EventRounds "11"]
[EventCountry "YUG"]
[EventCategory "13"]
[SourceTitle "CBM 101"]
[Source "ChessBase"]
[SourceDate "2004.07.27"]
[SourceVersion "1"]
[SourceVersionDate "2004.07.27"]
[SourceQuality "1"]

1. e4 c5 2. Nf3 d6 3. d4 cxd4 4. Nxd4 Nf6 5. Nc3 g6 6. g3 Nc6 7. Bg2 Nxd4 8.
Qxd4 Bg7 9. a4 O-O 10. a5 Ng4 11. Qb4 Ne5 12. Be3 Nc6 {Black has transfered
his knight to the queenside in order to balance white's initiative.} 13. Qa3
Be6 14. O-O Qd7 15. Nd5 Bh3 (15... f5 16. Nf4 Bc4 17. Rfd1 fxe4 18. Bxe4 $14)
16. Rad1 Rac8 (16... Bxg2 17. Kxg2 f5 $1 18. Qb3 Kh8 $132) 17. c4 Bxg2 18. Kxg2
Rfd8 {Georgiev likes his pawns in classical forms and thus he neglects good
idea of playing for the counterplay with timely f7-f5.} (18... f5 $1 $36) 19.
c5 e6 (19... Qe6 20. cxd6 Qxe4+ 21. f3 Qf5 22. Nxe7+ Nxe7 23. dxe7 Qc2+ 24. Rf2
Qxd1 25. exd8=Q+ Rxd8 26. Bxa7 $14) 20. Nc3 d5 (20... Be5 21. f4 (21. b4 Qe8
$11) 21... Bxc3 22. Qxc3 d5 23. b4 $14) 21. exd5 exd5 22. Bg5 {The pawn d5 is
weak, but white must play very carefully as his king on g2 does not feel
entirely safe.} (22. Nxd5 $2 Nd4 $1 23. Nf4 Qc6+ 24. f3 Nc2 $15) (22. Rxd5 Qe6
23. Rd6 Rxd6 24. cxd6 Bxc3 25. Qxc3 Qxd6 $11) 22... Re8 (22... Bxc3 23. Qxc3 (
23. Bxd8 $2 Bb4 $1) 23... Re8 24. Bf6 Qf5 25. Bh8 d4 $11) 23. Rxd5 (23. Nxd5 $2
Nd4 $17) 23... Qg4 24. Bf4 $2 {An unfortunate move, as it is not contributing
to the solution of the main problem- reducing black's activity.} (24. h3 Qc4
25. Rd7 $14) 24... Nd4 25. f3 Qe6 26. Rd1 (26. Rd6 Qc4 27. a6 bxa6 28. Rxa6 Ne2
$15) (26. Rf2 Nxf3 27. Rxf3 Bxc3 $15) 26... Nc2 $2 {Georgiev dreams about
great future for the knight, but he could have delivered a terrible blow right
away with 26...Nxf3!} (26... Nxf3 $1 27. Kxf3 (27. Rd6 Ne1+ $19) 27... Bxc3 28.
Kg2 Qe4+ 29. Kh3 Bb4 $17) 27. Qb3 (27. Qa4 Ne1+ 28. Rxe1 (28. Kf2 Bxc3 $19)
28... Qxe1 29. Rd1 Qe6 30. Ne4 Red8 $15) 27... Ne1+ 28. Rxe1 (28. Kf2 Bxc3 $19)
(28. Kg1 Qh3 29. R1d2 Nxf3+ $19) 28... Qxe1 29. Rd7 Re6 (29... Rf8 30. Rd1 Qe6
31. Qxe6 fxe6 32. Ne4 $11) 30. Rd1 $2 (30. Qxb7 $1 Rxc5 (30... Ree8 31. Rxf7
Bxc3 32. bxc3 Qe2+ 33. Kg1 Qd1+ 34. Kg2 Qe2+ $11) (30... Ree8 31. Qb3 Re2+ 32.
Nxe2 Qxe2+ 33. Kh3 Qe8 34. Rxa7 $18) 31. Bd2 Re2+ (31... Qe5 32. f4 Qf6 33. Ne4
$16) 32. Nxe2 Qxe2+ 33. Kg1 (33. Kh3 $2 Rh5+ 34. Kg4 Qe6+ 35. Kf4 g5#) 33...
Bf8 34. Qe4 Rc1+ 35. Bxc1 Bc5+ 36. Rd4 Qd1+ 37. Kg2 Qxd4 38. Qxd4 Bxd4 39. b4
$16) 30... Re2+ 31. Kh3 $6 {[%mdl 64] The position was truly complicated and
Damljanovic failed to solve it in a most critical moment. The second mistake
puts him at a clear disadvantage.} (31. Nxe2 Qxe2+ 32. Kh3 (32. Kg1 Bf8 33. Qd3
Bxc5+ 34. Kh1 Qxb2 $15) 32... Bf6 33. Qd3 Qe6+ 34. Kg2 Rxc5 $11) 31... Rxb2 $1
(31... Qf2 32. Nxe2 Qxe2 33. Qxb7 $16) 32. Qxb2 Qxd1 (32... Qxc3 33. Qxb7 Qxc5
34. Be3 Qh5+ 35. Kg2 Qf5 (35... Rc2+ 36. Rd2 Rxd2+ 37. Bxd2 Bd4 38. Qa8+ Kg7
39. Bb4 $16) 36. Bf2 $16) 33. Nxd1 Bxb2 34. Nxb2 Rxc5 35. a6 $1 (35. Bd2 $2 Rc2
$19) 35... bxa6 {The endgame is very unpleasant for white, since with king in
the wrong corner and no counterplay white will suffer terribly.} 36. g4 a5 37.
Kg3 Rc2 38. Na4 (38. Be5 f5 39. g5 Kf7 40. h3 Ke6 41. f4 Kd5 42. Kf3 Kc5 $17)
38... Rc4 39. Nb2 Rb4 40. Nd3 (40. Be5 a4 $17) 40... Rb5 41. Nc1 Rb1 42. Ne2 (
42. Na2 a4 43. Be5 a3 44. Nc3 Rc1 $19) 42... a4 43. Nc3 a3 $1 44. Be5 (44. Nxb1
a2 $19) 44... Rc1 45. Na2 (45. h4 Rc2 46. Nd5 a2 47. Nb4 Re2 48. Bc3 Rd2 49.
Kf4 a5 50. Nc6 a4 51. Nb4 a3 52. Ke3 Rb2 $19) 45... Rc2 46. Nb4 Re2 47. Bf6 a2
48. Nd3 Re6 49. Ba1 Re3 0-1

[Event "Olympiad-36"]
[Site "Mallorca"]
[Date "2004.10.22"]
[Round "7"]
[White "McShane, Luke J"]
[Black "Tiviakov, Sergei"]
[Result "0-1"]
[WhiteElo "2629"]
[BlackElo "2617"]
[Annotator "Ftacnik,L"]
[PlyCount "120"]
[EventDate "2004.10.15"]
[EventType "team-swiss"]
[EventRounds "14"]
[EventCountry "ESP"]
[SourceTitle "CBM 104"]
[Source "ChessBase"]
[SourceDate "2005.01.27"]
[SourceVersion "1"]
[SourceVersionDate "2005.01.27"]
[SourceQuality "1"]
[WhiteTeam "England"]
[BlackTeam "Netherlands"]
[WhiteTeamCountry "ENG"]
[BlackTeamCountry "NED"]

1. e4 c5 2. Nf3 d6 3. d4 cxd4 4. Nxd4 Nf6 5. Nc3 g6 6. Bc4 Bg7 7. O-O O-O 8.
Re1 Nc6 9. h3 Bd7 10. Bb3 Nxd4 11. Qxd4 Bc6 12. Qd1 b5 13. a3 Nd7 {Tiviakov
has solved all opening problems, his ambitions are connected with his well
placed light pieces.} (13... Rc8 14. Bg5 Qb6 15. Qd2 Rfe8 16. Qf4 Qb7 17. Rad1
a5 18. Rd3 a4 19. Ba2 b4 20. axb4 Qxb4 21. e5 Qxf4 22. Bxf4 dxe5 23. Bxe5 {
1-0 Hansen,S-Fuglsang,F/Copenhagen 1997/ (40)}) 14. Nd5 Nc5 15. Bg5 Re8 16. Rb1
(16. c3 h6 17. Bh4 Nxb3 18. Qxb3 a5 $11) 16... h6 17. Bh4 g5 18. Bg3 e6 19. Nb4
Bb7 (19... Bxe4 20. Bxd6 Nb7 21. Bg3 Qxd1 22. Rbxd1 Bg6 23. Na6 Bxb2 24. Rd7
Na5 25. Nc7 Red8 26. Red1 Rxd7 27. Rxd7 $44) 20. f3 (20. Bxd6 Nxe4 21. Bh2 Qxd1
22. Rexd1 Nc5 $17) 20... a5 21. Nd3 Nxb3 22. cxb3 f5 $5 {[%mdl 32] With
bishops pair on the board Black can well afford to open up the position. Black
should be slightly better.} 23. exf5 (23. Rc1 f4 24. Bf2 Qe7 $15) 23... exf5
24. Bf2 (24. Rxe8+ Qxe8 25. Bxd6 $2 Qe3+ 26. Kh1 Rd8 $19) 24... Qf6 25. Qd2 (
25. Rc1 Qf7 26. Rxe8+ Rxe8 $15) 25... Rxe1+ 26. Rxe1 Qf7 27. b4 a4 28. h4 (28.
Qe3 Rf8 29. Qb6 Qd5 $17) 28... f4 29. hxg5 hxg5 30. Nc1 g4 $2 {The attacker
got too excited in the critical moment. Much better was to keep the extra d6
pawn with the centralising move 30...Qd5!} (30... Qd5 $1 31. Rd1 (31. Qxd5+
Bxd5 32. Rd1 Bc4 $17) 31... Qxd2 32. Rxd2 Re8 33. Ne2 Re6 $17) 31. Qxd6 Bf8 (
31... g3 $5 32. Bd4 (32. Bc5 Bd5 33. Re7 Qf5 34. Qd7 Qxd7 35. Rxd7 Re8 $19) (
32. Bb6 Rf8 33. Qe7 Qd5 34. Bc5 Rf7 35. Qe8+ Kh7 36. Qe4+ Qxe4 37. fxe4 Bxb2
$17) 32... Bxd4+ 33. Qxd4 Qh7 34. Re5 $13) 32. Qe5 gxf3 (32... Qg6 33. fxg4 (
33. Qxb5 $2 gxf3 34. Qc4+ Kh8 35. g3 fxg3 36. Bd4+ Kh7 37. Qc7+ Bg7 38. Qxb7
f2+ $19) 33... Qxg4 34. Qe6+ Qxe6 35. Rxe6 Bd5 36. Rg6+ Kh7 37. Rg4 $11) (32...
g3 $2 33. Bd4 $16) 33. Nd3 Ra6 34. Nxf4 (34. Qxf4 Qg6 35. Qg3 Qxg3 36. Bxg3 Rg6
37. Kf2 fxg2 $17) 34... Rh6 35. g4 $6 (35. gxf3 $1 Bxf3 36. Bd4 Bd6 37. Qg5+
Kh7 38. Re8 Bf8 $14) 35... Qg7 36. Qf5 $2 {McShane has probably miscalculated
in the critical moment, Black will get very promising position.} (36. g5 $5 Rd6
37. Bc5 Qxe5 (37... Rd2 38. Qe6+ Qf7 39. Qxf7+ Kxf7 40. Re5 $16) 38. Rxe5 Rd1+
39. Kf2 Bxc5+ 40. bxc5 Rd2+ 41. Ke1 Rxb2 42. Re7 Rb1+ 43. Kf2 Rb2+ $11) 36...
Rf6 37. Nh5 (37. Qe5 Qxg4+ $19) 37... Rxf5 38. Nxg7 Rg5 39. Nf5 Rxg4+ 40. Kf1 (
40. Kh1 Kf7 $17) 40... Be4 41. Ng3 Bd5 $6 {Tiviakov returns the favour with
the mediocre continuation.} (41... Bd3+ 42. Kg1 Bg7 $1 43. Kh2 Bg6 44. Re3 Rf4
$19) 42. Re8 Kf7 43. Re5 Bc6 44. Rf5+ Ke8 45. Nh5 Rc4 46. Nf6+ $6 {Good
chances for the survival were offered by the exact move 46.Bc5!} (46. Bc5 $1
Bxc5 47. Rxc5 Rxc5 48. bxc5 Kd7 (48... Kf7 49. Nf4 Kf6 50. Nd3 Ke6 51. Nb4 $11)
49. Nf4 Be4 50. Kf2 Kc6 51. Ke3 Bf5 52. Kxf3 Kxc5 53. Ng2 $15) 46... Kd8 47.
Bb6+ Kc8 48. Nd5 (48. Bc5 Rc1+ 49. Kf2 Rc2+ 50. Kf1 Bg7 51. Bd4 Rg2 $17) 48...
Bd6 49. Bc5 Bxc5 50. bxc5 Bxd5 $1 (50... Rc1+ 51. Kf2 Kd7 52. Nb4 Rb1 53. Nd3
$15) 51. Rxd5 Rc2 52. Rd3 Rxb2 53. Rxf3 Rb3 $1 {This simple rook endgame seems
to be lost for White.} 54. Rf7 (54. Rxb3 $2 axb3 55. Ke2 b2 $19) (54. Rf6 Rxa3
55. Rb6 Rb3 56. Ke2 a3 $19) 54... Rxa3 55. Ke2 Rc3 56. Kd2 Rxc5 57. Kd3 a3 58.
Ra7 b4 59. Kd4 Rc1 60. Kd3 b3 0-1

[Event "EU-chT (Men) 15th"]
[Site "Gothenburg"]
[Date "2005.08.04"]
[Round "6.3"]
[White "Zelcic, Robert"]
[Black "Thorfinnsson, Bragi"]
[Result "1-0"]
[WhiteElo "2522"]
[BlackElo "2448"]
[Annotator "Ftacnik,L"]
[PlyCount "63"]
[EventDate "2005.07.30"]
[EventType "team-swiss"]
[EventRounds "9"]
[EventCountry "SWE"]
[SourceTitle "CBM 109"]
[Source "ChessBase"]
[SourceDate "2005.11.14"]
[SourceVersion "1"]
[SourceVersionDate "2005.11.14"]
[SourceQuality "1"]
[WhiteTeam "Croatia"]
[BlackTeam "Iceland"]
[WhiteTeamCountry "CRO"]
[BlackTeamCountry "ISL"]

1. e4 {Wells} c5 2. Nf3 d6 3. d4 cxd4 4. Nxd4 Nf6 5. Nc3 g6 6. Bc4 Bg7 7. O-O
O-O 8. Re1 Nc6 9. h3 Bd7 10. Bg5 Qa5 11. Nd5 $6 $146 {The objective merit of
this novelty is very questionable since black is well prepared for the
tactical squirmish in the center.} (11. Nxc6 Bxc6 12. Qd2 b5 13. Bb3 Rfe8 14.
Rad1 Rac8 15. e5 b4 16. exf6 bxc3 17. Qf4 exf6 18. Bxf6 cxb2 {1/2-1/2 Acs,P 
(2460)-Salmensuu,O (2380)/Budapest 1997/ ext (26)}) 11... Qc5 $2 (11... Nxd5 $1
12. Nxc6 (12. Nb3 Qa4 13. exd5 Qxc4 14. dxc6 Qxc6 15. Bxe7 Bxb2 16. Rb1 Bc3 17.
Bxf8 Bxe1 18. Bxd6 Re8 $15) 12... bxc6 13. exd5 e6 $1 14. dxe6 (14. dxc6 Qxg5
15. cxd7 d5 16. Bb5 Bxb2 $15) (14. Bd2 Qc5 15. dxe6 fxe6 $15) 14... Bxe6 15.
Bxe6 Qxg5 16. Bd7 Bxb2 17. Rb1 Bc3 18. Re3 Qc5 $15) 12. Nxc6 bxc6 (12... Bxc6
13. Nxe7+ Kh8 14. Bd5 $16) 13. Bxf6 (13. Nxe7+ Kh8 14. e5 dxe5 15. Bxf6 Bxf6
16. Qxd7 Bxe7 (16... Qxc4 17. Qxc6 Qxc6 18. Nxc6 Rfc8 19. Nb4 $16) 17. Qd3 f5
$11) 13... exf6 (13... cxd5 $2 14. Bxg7 Kxg7 15. Qxd5 $16) (13... Bxf6 14.
Nxf6+ exf6 15. Qd3 Be6 $11) 14. Ne3 Rab8 15. Qd3 Rfd8 (15... Rxb2 $5 16. Rad1 (
16. Bb3 f5 $15) 16... Be6 17. Bxe6 fxe6 18. Qxd6 Qxd6 19. Rxd6 Rxa2 20. Rxe6
Rc8 21. Rd1 a5 $13) 16. Rad1 Be6 $6 {Thorfinnsson could have leaned back on
his bishop pair, but he rather "improves" his pawn structure. White will keep
a distinct pull as all opponent's pawns will need protection.} (16... f5 17.
Qxd6 Qxd6 18. Rxd6 Be5 19. Rd2 fxe4 20. Red1 Rb7 21. Ba6 $14) (16... Bh6 $5 17.
b3 (17. Qxd6 $2 Bxe3 18. Rxe3 Qxc4) 17... Bf4 $11) 17. b3 Bh6 18. Bxe6 fxe6 19.
c4 a5 (19... Bxe3 20. Rxe3 $14) 20. Nc2 Qb6 $2 {It is not so easy to suggest
anything really helpful for black, but losing two tempoes is certainly not
solving anything.} (20... Bf4 21. Nd4 Re8 22. g3 Be5 23. Nf3 (23. f4 Rbd8 24.
Kg2 Bxd4 25. Qxd4 Qxd4 26. Rxd4 e5 $11) 23... a4 24. Nxe5 dxe5 25. Qd6 $14) 21.
Qg3 Qc5 22. Rd3 Qe5 {Wells: 'Similar queen manouevres are known to me from the
Richter-Rauzer. The queen and bishop are both reasonably active, but there are
clearly question marks over Black's structure.'} 23. Nd4 Rbc8 (23... Qxg3 24.
fxg3 Re8 25. Nxc6 $16) 24. Qh4 (24. Qg4 Re8 (24... f5 25. Qh4 Bg7 26. Nxc6 $18)
25. Nf3 Qc5 26. Red1 Bf8 $14) 24... Kg7 {'?!' Wells.} (24... Bg7 25. Red1 a4 (
25... Rd7 26. Nf3 Qc5 27. e5 fxe5 28. Ng5 Bf6 29. Qg4 Bxg5 30. Qxe6+ $18) 26.
bxa4 Rd7 27. a5 f5 28. Nf3 Qxa5 29. Rxd6 Rxd6 30. Rxd6 Qxa2 31. Qe7 $16) (24...
Bg5 {Wells} 25. Qg4 Kf7 26. Red1 {[%cal Gd4f3]}) 25. f4 $1 Qc5 (25... Bxf4 26.
Qxf4 Qxf4 27. Nxe6+ $18) 26. Qf2 Re8 (26... Kf7 {'+/-!' Wells.} 27. f5 exf5 28.
exf5 gxf5 29. Qh4 (29. Qxf5 Qxf5 30. Nxf5 Bf8 31. Red1 Ke6 32. g4 $16) 29...
Bg7 30. Kh2 $18) 27. e5 $1 {[%mdl 32] The punishment is painful for the
defender, Zelcic is opening up the position with the help of small tactics.}
fxe5 (27... Kf7 28. Qh4 Bg7 29. exf6 Bxf6 30. Qxh7+ Bg7 31. Kf1 $18) 28. Rxe5
Qa3 (28... dxe5 29. Nxe6+ Rxe6 30. Qxc5 $18) 29. Nxe6+ Kf7 30. f5 $1 {Wells:
'Not a difficult attacking solution, but still a pleasingly crisp one!'} Kg8
31. fxg6 hxg6 32. Rg3 {Wells: 'Dereliction of duty by the poor queen? Well, at
least an unfortunate by-product of self preservation.'} 1-0

[Event "USA-ch"]
[Site "Seattle"]
[Date "2002.01.11"]
[Round "7"]
[White "Fishbein, Alexander"]
[Black "Christiansen, Larry Mark"]
[Result "0-1"]
[WhiteElo "2497"]
[BlackElo "2571"]
[Annotator "Ftacnik,L"]
[PlyCount "80"]
[EventDate "2002.01.05"]
[EventType "swiss"]
[EventRounds "9"]
[EventCountry "USA"]
[SourceTitle "CBM 087"]
[Source "ChessBase"]
[SourceDate "2002.03.21"]
[SourceVersion "1"]
[SourceVersionDate "2002.03.21"]
[SourceQuality "1"]

1. e4 c5 2. Nf3 d6 3. d4 cxd4 4. Nxd4 Nf6 5. Nc3 g6 6. Be2 Bg7 7. O-O Nc6 8.
Nb3 O-O 9. Bg5 a6 10. a4 b6 11. f4 Bb7 12. Bf3 Nd7 13. Kh1 Nc5 14. Nxc5 bxc5
15. e5 {White finds is very testing to find a way to at least a minimal
advantage, black pieces are active and weaknesses simply absent.} h6 16. Bh4
dxe5 17. Qxd8 (17. fxe5 Bxe5 18. Qe1 Qb8 $15) 17... Raxd8 $1 18. fxe5 (18. Bxc6
Bxc6 19. Bxe7 Rd2 20. Bxf8 Rxg2 21. Rad1 Rxc2+ 22. Nd5 Kxf8 $19) (18. Bxe7 Nxe7
19. Bxb7 a5 20. Ne4 exf4 21. Nxc5 Bxb2 $15) 18... Bxe5 19. Rae1 $2 {[%mdl
16384] This ambitious move will be punished as black can steer the game
towards very pleasant endgame.} (19. Bxe7 $1 Nxe7 20. Bxb7 a5 21. Rae1 Bxc3 22.
bxc3 (22. Rxe7 Bxb2 23. c4 f5 24. Bd5+ Kh8 $17) 22... Rd7 23. Ba6 $11) 19...
Bxc3 (19... f6 20. Bf2 Bd4 21. Bd5+ Kh8 22. Bxc6 Bxc6 23. Rxe7 Rfe8 $15) 20.
bxc3 Rd7 21. Bf2 Na5 (21... c4 22. Be2 (22. Be3 h5 23. Be2 Rc8 24. Kg1 $15)
22... Rd2 23. Be3 Rxc2 24. Bxh6 Rc8 25. Bxc4 Ne5 26. Re2 Rxe2 27. Bxe2 Rxc3 28.
Kg1 Rc2 $17) 22. Bxc5 Bxf3 23. Rxf3 (23. gxf3 Nc6 $15) 23... Nc6 24. Rd3 Rb7 $1
(24... Rfd8 $2 25. Red1 $1 Rxd3 26. cxd3 $11) 25. h3 (25. Rde3 Rfb8 26. Kg1 Kf8
$15) 25... f6 26. Red1 Kf7 27. Be3 (27. Rd7 Rfb8 $17) 27... Rc8 28. c4 (28.
Bxh6 $2 g5 $1 29. h4 Rh8 30. hxg5 fxg5 31. Rh3 Kg6 32. Re1 Nd8 33. Bxg5 Rxh3+
34. gxh3 Kxg5 $19) (28. Rd5 Ne5 29. Bxh6 Rxc3 $17) 28... Rb4 $1 {It becomes
obvious, that black will dominate the endgame with safe king position and much
better pawn structure.} 29. c5 (29. Ra3 Rxc4 30. c3 h5 $19) 29... Rxa4 30. Rb3
Rc7 31. Rb6 (31. Bxh6 g5 32. Rf1 Nd4 33. Rb8 Rxc5 $19) 31... g5 32. Bf2 Ne5 33.
Rb8 h5 34. c3 (34. Kg1 Ra2 35. c3 a5 $19) 34... h4 $1 35. Rdb1 Rc4 36. Bd4 (36.
Be1 R7xc5 $19) 36... Nc6 37. R8b6 Nxd4 38. cxd4 Rxd4 39. Rc1 a5 40. Ra6 a4 0-1

[Event "EU-ch 4th"]
[Site "Istanbul"]
[Date "2003.06.03"]
[Round "5"]
[White "Sutovsky, Emil"]
[Black "Banikas, Hristos"]
[Result "1-0"]
[WhiteElo "2652"]
[BlackElo "2542"]
[Annotator "Ftacnik,L"]
[PlyCount "81"]
[EventDate "2003.05.30"]
[EventType "swiss"]
[EventRounds "13"]
[EventCountry "TUR"]
[SourceTitle "CBM 096"]
[Source "ChessBase"]
[SourceDate "2003.09.25"]
[SourceVersion "1"]
[SourceVersionDate "2003.09.25"]
[SourceQuality "1"]

1. e4 c5 2. Nf3 d6 3. d4 Nf6 4. Nc3 cxd4 5. Nxd4 g6 6. g3 Nc6 7. Nde2 b6 8. Bg2
Ba6 9. O-O Bg7 10. Re1 Rc8 11. h3 (11. Bg5 h6 12. Bd2 (12. Bf4 O-O 13. Nd5 Ng4
14. Rb1 Nge5 15. b3 Bxe2 16. Rxe2 e6 17. Ne3 g5 18. Bxe5 dxe5 19. c3 {1-0
Agopov,M-Berry,N/Sas van Gent 1996/ (32)}) 12... O-O 13. a4 Na5 14. b3 Bb7 15.
Rc1 Nd7 16. Nd5 e6 17. Ne3 Nf6 18. f3 Nc6 19. c4 d5 20. exd5 exd5 21. Bc3 dxc4
22. Nxc4 {1-0 Vokac,M-Jirovsky,M/Czechia 2001/ (38)}) 11... O-O 12. Bg5 (12. a4
Nb4 13. Be3 Qd7 14. Nd4 d5 15. e5 Ne4 16. Nxe4 dxe4 17. Bxe4 Bxe5 18. c3 Rc4
19. Bg2 Rd8 20. Nf3 Qc7 21. Qb1 Nd3 {0-1 Rodriguez Cespedes,A-Pirisi,G/Dieren
1989/ (41)}) (12. Be3 Nd7 13. Rb1 Bb7 14. Nd5 Nde5 15. b3 e6 16. Ndc3 f6 17.
Nb5 Nf7 18. c4 Qe7 19. Qd2 Rfd8 20. Rbc1 {1-0 Matulovic,M-Ristic,N/Vrnjacka
Banja 1990/ (43)}) 12... Nd7 13. Qd2 $6 (13. Rb1 $5) 13... Bxe2 $5 {Unusual
exchange of a strong bishop, but black's play in on the kingside is
surprisingly strong.} (13... Nde5 14. b3 f5 $13) 14. Rxe2 Nd4 (14... Nde5 $1
15. Qd1 (15. Nd5 Nc4 16. Qd3 Nxb2 17. Qb3 Nd4 18. Nxe7+ Kh8 19. Nxg6+ fxg6 20.
Bxd8 Rfxd8 21. Qf7 Nxe2+ $19) (15. b3 Nd4 16. Re3 Ne6 17. Bf4 Nd7 18. h4 h6 19.
Rd1 g5 20. hxg5 hxg5 21. Bxd6 exd6 22. Nb5 Ne5 23. c4 $17) 15... Nc4 16. Bc1
Nd4 17. Re1 Na3 18. bxa3 (18. Bh6 Bxh6 19. bxa3 Rxc3 20. Qxd4 Rxc2 21. Rad1 Qc7
$19) 18... Nxc2 19. Bh6 Bxc3 20. Rc1 Nxe1 21. Rxc3 Nxg2 22. Rxc8 Qxc8 23. Bxf8
Ne3 24. Qd2 Kxf8 25. Qxe3 Qxh3 $19) 15. Ree1 Ne5 16. Qd1 Ne6 (16... Nc4 17. Nd5
Nc6 18. b3 h6 19. Bxh6 Bxh6 20. bxc4 e6 $11) 17. Bc1 Nc4 18. Qd3 b5 (18... Na3
19. Rd1 Bxc3 20. bxc3 Nc4 21. Rb1 $13) 19. Rb1 Na3 (19... Nc5 20. Qf3 f5 21.
exf5 Rxf5 22. Qe2 Bxc3 23. bxc3 Re5 24. Qd1 Rxe1+ 25. Qxe1 Qd7 $15) 20. bxa3
Rxc3 21. Qxb5 Bd4 (21... Nd4 22. Qa6 Nxc2 23. Rd1 Rc7 24. Bb2 $11) (21... Rxc2
22. Qa4 Rxa2 23. Be3 Qc7 24. Rec1 Nc5 $11) 22. Bh6 Rxc2 23. Re2 (23. Bxf8 Bxf2+
24. Kh1 Bxe1 25. Bxe7 Qxe7 26. Rxe1 Nc5 $15) 23... Rc5 (23... Rxe2 24. Qxe2 Re8
25. Qb5 Qc8 $11) 24. Qa4 Ra5 (24... Re8 25. Be3 Bxe3 26. Rxe3 Rc7 $11) 25. Qb4
Re8 {Black has a better pawn structure, but white bishops pair has a chance to
offer suffcient compensation.} (25... Bc5 26. Qe1 Re8 27. Bc1 Bxa3 28. Bd2 Ra6
29. Bc3 $13) 26. Kh2 Bb6 (26... Bc5 27. Qc4 Rxa3 28. Bc1 Ra5 29. Bd2 Ra3 $11)
27. Rd1 Qc8 (27... Bc5 $5 28. Qb2 Rxa3 29. e5 Qb6 $15) 28. Rd5 Qa6 29. Qb2 (29.
Rxa5 $2 Qxe2 30. Qb5 Qxb5 31. Rxb5 Bxf2 $17) 29... Rxa3 $2 (29... Rxd5 30. exd5
Nd4 31. Re4 Nf5 32. Bf4 e5 33. dxe6 fxe6 34. Qf6 Qc8 $11) (29... Bc5 30. Rc2 (
30. e5 Bxa3 31. Rxa5 Qxa5 $15) 30... Bxa3 31. Rxa5 Qxa5 32. Qb7 $11) 30. e5 $1
{[%mdl 2048] Suddenly black finds it impossible to prevent mate on g7 at a
reasonable cost.} dxe5 (30... Bd4 $2 31. Rxd4 $1 Nxd4 32. Qxd4 Qxe2 33. exd6 e5
(33... f6 34. Qd5+ e6 35. Qb7 $18) 34. Qh4 Qh5 35. d7 Rf8 36. d8=Q Qxh6 37.
Qdf6 $18) (30... Ra4 31. exd6 Bd4 32. Rxd4 Nxd4 33. d7 Rd8 34. Rxe7 $18) 31.
Rdxe5 Bd4 (31... Nd4 32. Rxe7 Rxe7 33. Rxe7 $18) 32. Rxe6 Bxb2 (32... Qxe6 33.
Qxd4 $18) 33. Rxa6 Rxa6 34. Rxb2 Ra5 (34... e5 35. g4 $16) 35. h4 f6 36. Rb7 g5
(36... Rd8 37. Bf1 Rc8 38. Rxe7 Rxa2 39. Kh3 Rxf2 40. Ba6 Rcc2 41. Rg7+ Kf8 42.
Rxa7+ Ke8 43. Bb5+ Kd8 44. Rxh7 $18) 37. Bc6 Rd8 (37... Rc8 38. Bd7 Rd8 39.
Be6+ Kh8 40. Rxe7 $18) 38. Rxe7 Rxa2 (38... gxh4 39. gxh4 Rxa2 40. Rg7+ Kh8 41.
Rg2 $18) 39. Kg2 gxh4 40. gxh4 Kh8 41. Bd5 $1 (41. Bd5 $1 Rg8+ 42. Kh3 Ra3+ 43.
Kh2 $18) 1-0